000 00892cam a2200253 4500
001 ABS62891
008 000000n2000 000 0 eng u
035 _a(Sirsi) u108567
100 _aVerpeleti, J.
245 _aOverview of the Central and Eastern European property markets
260 _c2000
490 _aAustralian Property Journal
_v36(3) August 2000, 219-221(3)
520 _aLooks at how property markets in Central and Eastern Europe have evolved since 1989. Covers investment, offices and retail markets.
590 _aABS
650 _aEASTERN EUROPE
650 _aPROPERTY-COMMERCIAL PROPERTY-OFFICE PROPERTY-OFFICE PROPERTY MARKET
650 _aPROPERTY-COMMERCIAL PROPERTY-RETAIL PROPERTY-RETAIL PROPERTY MARKET
650 _aINVESTMENT MARKET
650 _aBUDAPEST
650 _aWARSAW
650 _aPRAGUE
690 _aINTERNATIONAL-EUROPE
942 _n0
999 _c64816
_d64816